Online
Catalog

Bibliografía analítica de ediciones de coplas sefardíes / (Record no. 5214)

MARC details
000 -CABECERA
campo de control de longitud fija 00712nam a2200205 a 4500
001 - NÚMERO DE CONTROL
campo de control 000005414
005 - FECHA Y HORA DE LA ÚLTIMA TRANSACCIÓN
campo de control 20251202090015.0
008 - DATOS DE LONGITUD FIJA--INFORMACIÓN GENERAL
campo de control de longitud fija 090819s1992 es 001 spa d
020 ## - NÚMERO INTERNACIONAL ESTÁNDAR DEL LIBRO
Número Internacional Estándar del Libro 8400072642
040 ## - FUENTE DE LA CATALOGACIÓN
Centro catalogador/agencia de origen DO-SdBNP
Lengua de catalogación spa
Centro/agencia transcriptor BNPHU
082 ## - NÚMERO DE LA CLASIFICACIÓN DECIMAL DEWEY
Número de clasificación 016
Número de documento/Ítem R763b
100 1# - ENTRADA PRINCIPAL--NOMBRE DE PERSONA
Nombre de persona Romero, Elena
9 (RLIN) 15365
245 10 - MENCIÓN DE TÍTULO
Título Bibliografía analítica de ediciones de coplas sefardíes /
Mención de responsabilidad, etc. Elena Romero, Iacob M. Hassan y Leonor Carracedo; colaboradores.
260 ## - PUBLICACIÓN, DISTRIBUCIÓN, ETC.
Lugar de publicación, distribución, etc. Madrid, :
Nombre del editor, distribuidor, etc. Consejo Superior de Investigaciones Científicas,
Fecha de publicación, distribución, etc. 1992.
300 ## - DESCRIPCIÓN FÍSICA
Extensión 190 p.
440 #0 - MENCIÓN DE SERIE/PUNTO DE ACCESO ADICIONAL--TÍTULO
Título Estudios sefardíes
Designación de volumen o secuencia 5
9 (RLIN) 15366
500 ## - NOTA GENERAL
Nota general Incluye tabla de contenido
500 ## - NOTA GENERAL
Nota general Incluye referencia bibliográficas
650 #0 - PUNTO DE ACCESO ADICIONAL DE MATERIA--TÉRMINO DE MATERIA
Término de materia o nombre geográfico como elemento de entrada Bibliografía
9 (RLIN) 7838
Holdings
Estado de retiro Estado de pérdida Restricciones de uso No para préstamo Código de colección Localización permanente Ubicación/localización actual Ubicación en estantería Fecha de adquisición Número de inventario Total de préstamos Signatura topográfica completa Código de barras Fecha visto por última vez Precio válido a partir de Tipo de ítem Koha
      Excluido de préstamo Monografías: Libros y Folletos General General Depósito 19.08.2009 LF1   016 R763b 5414-10 25.06.2020 25.06.2020 No se presta

Powered by Koha